000 nam a22 a 4500
999 _c1157
_d1157
003 AKMAL
005 20170508144424.0
008 170508s1996 my 00 may d
020 _a9830771652 (kkt.):
_cRM9.00
040 _aAKMAL
082 0 4 _a297.382 DOA
090 _a297.382
_bDOA
245 0 0 _aDoa-doa orang soleh /
_csusunan Asyraf al Hasyir
260 _aJohor Bahru :
_bPerniagaan Jahabersa,
_c1996
300 0 0 _a157ms. :
_b;
_c21cm
500 _aMengandungi ayat-ayat dari Quran
650 0 _aPrayer books
_xIslam
_92332
650 0 _aIslam
_vPrayers and devotions
_91608
700 1 _aAl-Hasyir, Asyraf
_92355
942 _2ddc
_cBOOK